Statistics for Lille all-time top scorers

Click here to take the quiz!

General Stats

  • This quiz has been taken 6 times
  • The average score is 2 of 10

Answer Stats

GoalsNationalityPlayer% Correct
77Canada / United StatesJonathan David
100%
50BelgiumEden Hazard
75%
51FranceAndré Guy
0%
82FranceAndré Strappe
0%
64FranceBernard Lefèvre
0%
54FranceChristian Coste
0%
60FranceGérard Bourbotte
0%
62FranceJean Vincent
0%
62FrancePierre Pleimelding
0%
62FranceYvon Douis
0%

Score Distribution

Percentile by Number Answered

Percent of People with Each Score

Your Score History

You have not taken this quiz